MARC

LEADER 00000nam0a2200000 4500
001 34334
005 20231030224936.0
035 |a (RuTPU)RU\TPU\book\34723 
035 |a BOOK00001374 
090 |a 34334 
100 |a 20011210d1982 m y0rusy50 ca 
101 0 |a rus 
102 |a RU 
105 |a a j 000zy 
200 1 |a Промышленные типы месторождений неметаллических полезных ископаемых: Пособие для лабораторных занятий  |e учебное пособие  |f И. Ф. Романович [и др.] 
210 |a Москва  |c Недра  |d 1982 
215 |a 207 с. 
610 1 |a полезные ископаемые 
610 1 |a геология полезных ископаемых 
610 1 |a неметаллические полезные ископаемые 
610 1 |a месторождения 
610 1 |a типы 
610 1 |a геологические строения 
610 1 |a структуры 
610 1 |a составы 
610 1 |a физические свойства 
610 1 |a учебные пособия 
675 |a 553.5/.6(076.5)  |v 3 
701 1 |a Романович  |b И. Ф.  |g Игорь Филиппович 
701 1 |a Коплус  |b А. В.  |g Александр Владимирович 
701 1 |a Тимофеев  |b И. Н.  |g Игорь Николаевич 
701 1 |a Гроховский  |b Л. М. 
801 0 |a RU  |b 63413507  |c 20011210  |g PSBO 
801 2 |a RU  |b 63413507  |c 20191214  |g PSBO 
900 |a Полезные ископаемые 
900 |a Геология полезных ископаемых 
900 |a Промышленные типы месторождений полезных ископаемых 
942 |c BK